| 000 | 00795nam a2200253 a 4500 | ||
|---|---|---|---|
| 001 | 000009685 | ||
| 003 | DO-SdBNP | ||
| 005 | 20240412074212.0 | ||
| 007 | ta | ||
| 008 | 091001s2005 dr r 001 p spa d | ||
| 020 | _a9993422800 | ||
| 040 |
_aDO-SdBNP _bspa _cBNPHU |
||
| 082 | 4 |
_aRD861.44 _bB333m _222 |
|
| 100 | 1 |
_aBatista, León Félix, _d1964- _912031 |
|
| 245 | 1 | 0 |
_aMosaico fluido / _cLeón Félix Batista. |
| 260 |
_aSanto Domingo : _bNuevo Diario, _c2005. |
||
| 300 |
_a73 p. ; _c22 cm. |
||
| 586 | _aPremio Nacional de Poesía Emilio Prud´Homme 2005 del "Concurso por nuestro pais primero". | ||
| 590 | _aInventariado, 2018/BT | ||
| 650 | 4 |
_aPoesía dominicana _966 |
|
| 650 | 0 |
_aLiteratura dominicana. _967 |
|
| 910 | _aValidado. Control de calidad MMOLINA | ||
| 942 |
_2ddc _cLBS1 |
||
| 999 |
_c9445 _d9445 |
||